<?xml version="1.0" encoding="UTF-8"?>
<record
    xmlns:xsi="http://www.w3.org/2001/XMLSchema-instance"
    xsi:schemaLocation="http://www.loc.gov/MARC21/slim http://www.loc.gov/standards/marcxml/schema/MARC21slim.xsd"
    xmlns="http://www.loc.gov/MARC21/slim">

  <leader>00454nam a22001577a 4500</leader>
  <controlfield tag="003">OSt</controlfield>
  <controlfield tag="005">20150910152159.0</controlfield>
  <controlfield tag="008">150910b        xxu||||| |||| 00| 0 eng d</controlfield>
  <datafield tag="040" ind1=" " ind2=" ">
    <subfield code="c">RUA</subfield>
  </datafield>
  <datafield tag="082" ind1=" " ind2=" ">
    <subfield code="a">AGR &#x1782;&#x1784;&#x17CB; 1995 B012 Or.1</subfield>
  </datafield>
  <datafield tag="100" ind1=" " ind2=" ">
    <subfield code="9">257</subfield>
    <subfield code="a">&#x1782;&#x1784;&#x17CB; &#x1796;&#x17B7;&#x179F;&#x17B7;&#x178A;&#x17D2;&#x178B;</subfield>
  </datafield>
  <datafield tag="245" ind1=" " ind2=" ">
    <subfield code="a">&#x1780;&#x17B6;&#x179A;&#x17A2;&#x1784;&#x17D2;&#x1780;&#x17C1;&#x178F;&#x1791;&#x17B7;&#x1793;&#x17D2;&#x1793;&#x1793;&#x17D0;&#x1799;&#x1780;&#x179F;&#x17B7;&#x1780;&#x1798;&#x17D2;&#x1798;</subfield>
  </datafield>
  <datafield tag="260" ind1=" " ind2=" ">
    <subfield code="a">Phnom Penh</subfield>
    <subfield code="b">RUA</subfield>
    <subfield code="c">1995</subfield>
  </datafield>
  <datafield tag="300" ind1=" " ind2=" ">
    <subfield code="a">126p.</subfield>
    <subfield code="b">ill.</subfield>
    <subfield code="c">29cm.</subfield>
  </datafield>
  <datafield tag="942" ind1=" " ind2=" ">
    <subfield code="2">ddc</subfield>
    <subfield code="c">AGR</subfield>
  </datafield>
  <datafield tag="999" ind1=" " ind2=" ">
    <subfield code="c">237</subfield>
    <subfield code="d">237</subfield>
  </datafield>
  <datafield tag="952" ind1=" " ind2=" ">
    <subfield code="0">0</subfield>
    <subfield code="1">0</subfield>
    <subfield code="2">ddc</subfield>
    <subfield code="4">0</subfield>
    <subfield code="6">AGR_&#x1782;&#x1784;_1995_000000000000000_B012_OR_1</subfield>
    <subfield code="7">0</subfield>
    <subfield code="9">1037</subfield>
    <subfield code="a">LBB</subfield>
    <subfield code="b">LBB</subfield>
    <subfield code="d">2015-09-10</subfield>
    <subfield code="o">AGR &#x1782;&#x1784;&#x17CB; 1995 B012 Or.1</subfield>
    <subfield code="r">2015-09-10</subfield>
    <subfield code="w">2015-09-10</subfield>
    <subfield code="y">AGR</subfield>
  </datafield>
  <datafield tag="952" ind1=" " ind2=" ">
    <subfield code="0">0</subfield>
    <subfield code="1">0</subfield>
    <subfield code="2">ddc</subfield>
    <subfield code="4">0</subfield>
    <subfield code="6">AGR_&#x1782;&#x1784;_1995_000000000000000_B012_OR_2</subfield>
    <subfield code="7">0</subfield>
    <subfield code="9">1038</subfield>
    <subfield code="a">LBB</subfield>
    <subfield code="b">LBB</subfield>
    <subfield code="d">2015-09-10</subfield>
    <subfield code="o">AGR &#x1782;&#x1784;&#x17CB; 1995 B012 Or.2</subfield>
    <subfield code="p">RUA006943</subfield>
    <subfield code="r">2015-09-10</subfield>
    <subfield code="w">2015-09-10</subfield>
    <subfield code="y">AGR</subfield>
  </datafield>
  <datafield tag="952" ind1=" " ind2=" ">
    <subfield code="0">0</subfield>
    <subfield code="1">0</subfield>
    <subfield code="2">ddc</subfield>
    <subfield code="4">0</subfield>
    <subfield code="6">AGR_&#x1782;&#x1784;_1995_000000000000000_B012_OR_3</subfield>
    <subfield code="7">0</subfield>
    <subfield code="9">1039</subfield>
    <subfield code="a">LBB</subfield>
    <subfield code="b">LBB</subfield>
    <subfield code="d">2015-09-10</subfield>
    <subfield code="l">1</subfield>
    <subfield code="o">AGR &#x1782;&#x1784;&#x17CB; 1995 B012 Or.3</subfield>
    <subfield code="p">RUA006944</subfield>
    <subfield code="r">2016-05-18</subfield>
    <subfield code="s">2016-04-19</subfield>
    <subfield code="w">2015-09-10</subfield>
    <subfield code="y">AGR</subfield>
  </datafield>
  <datafield tag="952" ind1=" " ind2=" ">
    <subfield code="0">0</subfield>
    <subfield code="1">0</subfield>
    <subfield code="2">ddc</subfield>
    <subfield code="4">0</subfield>
    <subfield code="6">AGR_&#x1782;&#x1784;_1995_000000000000000_B012_OR_4</subfield>
    <subfield code="7">0</subfield>
    <subfield code="9">1040</subfield>
    <subfield code="a">LBB</subfield>
    <subfield code="b">LBB</subfield>
    <subfield code="d">2015-09-10</subfield>
    <subfield code="l">1</subfield>
    <subfield code="o">AGR &#x1782;&#x1784;&#x17CB; 1995 B012 Or.4</subfield>
    <subfield code="p">RUA006948</subfield>
    <subfield code="r">2021-01-27</subfield>
    <subfield code="s">2021-01-22</subfield>
    <subfield code="w">2015-09-10</subfield>
    <subfield code="y">AGR</subfield>
  </datafield>
  <datafield tag="952" ind1=" " ind2=" ">
    <subfield code="0">0</subfield>
    <subfield code="1">0</subfield>
    <subfield code="2">ddc</subfield>
    <subfield code="4">0</subfield>
    <subfield code="6">AGR_&#x1782;&#x1784;_1995_000000000000000_B012_OR_5</subfield>
    <subfield code="7">0</subfield>
    <subfield code="9">1041</subfield>
    <subfield code="a">LBB</subfield>
    <subfield code="b">LBB</subfield>
    <subfield code="d">2015-09-10</subfield>
    <subfield code="l">1</subfield>
    <subfield code="o">AGR &#x1782;&#x1784;&#x17CB; 1995 B012 Or.5</subfield>
    <subfield code="p">RUA006653</subfield>
    <subfield code="r">2018-05-23</subfield>
    <subfield code="s">2018-05-07</subfield>
    <subfield code="w">2015-09-10</subfield>
    <subfield code="y">AGR</subfield>
  </datafield>
  <datafield tag="952" ind1=" " ind2=" ">
    <subfield code="0">0</subfield>
    <subfield code="1">0</subfield>
    <subfield code="2">ddc</subfield>
    <subfield code="4">0</subfield>
    <subfield code="6">AGR_&#x1782;&#x1784;_1995_000000000000000_B012_OR_6</subfield>
    <subfield code="7">0</subfield>
    <subfield code="9">1042</subfield>
    <subfield code="a">LBB</subfield>
    <subfield code="b">LBB</subfield>
    <subfield code="d">2015-09-10</subfield>
    <subfield code="l">1</subfield>
    <subfield code="o">AGR &#x1782;&#x1784;&#x17CB; 1995 B012 Or.6</subfield>
    <subfield code="p">RUA006652</subfield>
    <subfield code="r">2021-01-22</subfield>
    <subfield code="s">2021-01-20</subfield>
    <subfield code="w">2015-09-10</subfield>
    <subfield code="y">AGR</subfield>
  </datafield>
  <datafield tag="952" ind1=" " ind2=" ">
    <subfield code="0">0</subfield>
    <subfield code="1">0</subfield>
    <subfield code="2">ddc</subfield>
    <subfield code="4">0</subfield>
    <subfield code="6">AGR_&#x1782;&#x1784;_1995_000000000000000_B012_OR_7</subfield>
    <subfield code="7">0</subfield>
    <subfield code="9">1043</subfield>
    <subfield code="a">LBB</subfield>
    <subfield code="b">LBB</subfield>
    <subfield code="d">2015-09-10</subfield>
    <subfield code="o">AGR &#x1782;&#x1784;&#x17CB; 1995 B012 Or.7</subfield>
    <subfield code="p">RUA006654</subfield>
    <subfield code="r">2015-09-10</subfield>
    <subfield code="w">2015-09-10</subfield>
    <subfield code="y">AGR</subfield>
  </datafield>
  <datafield tag="952" ind1=" " ind2=" ">
    <subfield code="0">0</subfield>
    <subfield code="1">0</subfield>
    <subfield code="2">ddc</subfield>
    <subfield code="4">0</subfield>
    <subfield code="6">AGR_&#x1782;&#x1784;_1995_000000000000000_B012_OR_8</subfield>
    <subfield code="7">0</subfield>
    <subfield code="9">1044</subfield>
    <subfield code="a">LBB</subfield>
    <subfield code="b">LBB</subfield>
    <subfield code="d">2015-09-10</subfield>
    <subfield code="o">AGR &#x1782;&#x1784;&#x17CB; 1995 B012 Or.8</subfield>
    <subfield code="p">RUA006651</subfield>
    <subfield code="r">2015-09-10</subfield>
    <subfield code="w">2015-09-10</subfield>
    <subfield code="y">AGR</subfield>
  </datafield>
  <datafield tag="952" ind1=" " ind2=" ">
    <subfield code="0">0</subfield>
    <subfield code="1">0</subfield>
    <subfield code="2">ddc</subfield>
    <subfield code="4">0</subfield>
    <subfield code="6">AGR_&#x1782;&#x1784;_1995_000000000000000_B012_OR_1</subfield>
    <subfield code="7">0</subfield>
    <subfield code="9">78618</subfield>
    <subfield code="a">LBB</subfield>
    <subfield code="b">LBB</subfield>
    <subfield code="c">B012</subfield>
    <subfield code="d">2019-03-26</subfield>
    <subfield code="o">AGR &#x1782;&#x1784;&#x17CB; 1995 B012 Or.1</subfield>
    <subfield code="p">RUA003862</subfield>
    <subfield code="r">2019-03-26</subfield>
    <subfield code="w">2019-03-26</subfield>
    <subfield code="y">AGR</subfield>
  </datafield>
</record>
